<?xml version="1.0" encoding="UTF-8"?>
<record
    xmlns:xsi="http://www.w3.org/2001/XMLSchema-instance"
    xsi:schemaLocation="http://www.loc.gov/MARC21/slim http://www.loc.gov/standards/marcxml/schema/MARC21slim.xsd"
    xmlns="http://www.loc.gov/MARC21/slim">

  <leader>02242cam a2200421 a 4500</leader>
  <datafield tag="999" ind1=" " ind2=" ">
    <subfield code="c">4831</subfield>
    <subfield code="d">4831</subfield>
  </datafield>
  <controlfield tag="001">452741</controlfield>
  <controlfield tag="003">GBCCL</controlfield>
  <controlfield tag="005">20241126110527.0</controlfield>
  <controlfield tag="008">090323s2009    ilua     b    001 0 eng  </controlfield>
  <datafield tag="010" ind1=" " ind2=" ">
    <subfield code="a">  2009011892</subfield>
  </datafield>
  <datafield tag="020" ind1=" " ind2=" ">
    <subfield code="a">9780802490926</subfield>
  </datafield>
  <datafield tag="020" ind1=" " ind2=" ">
    <subfield code="a">0802490921</subfield>
  </datafield>
  <datafield tag="029" ind1="1" ind2=" ">
    <subfield code="a">NZ1</subfield>
    <subfield code="b">13199080</subfield>
  </datafield>
  <datafield tag="029" ind1="1" ind2=" ">
    <subfield code="a">AU@</subfield>
    <subfield code="b">000043985150</subfield>
  </datafield>
  <datafield tag="035" ind1=" " ind2=" ">
    <subfield code="a">(OCoLC)ocn301890096</subfield>
  </datafield>
  <datafield tag="035" ind1=" " ind2=" ">
    <subfield code="a">(OCoLC)301890096</subfield>
  </datafield>
  <datafield tag="040" ind1=" " ind2=" ">
    <subfield code="a">DLC</subfield>
    <subfield code="b">eng</subfield>
    <subfield code="c">DLC</subfield>
    <subfield code="d">BTCTA</subfield>
    <subfield code="d">DTM</subfield>
    <subfield code="d">SGB</subfield>
    <subfield code="d">BDX</subfield>
    <subfield code="d">MSB</subfield>
    <subfield code="d">YDXCP</subfield>
    <subfield code="d">OCLCF</subfield>
    <subfield code="d">LBB</subfield>
  </datafield>
  <datafield tag="049" ind1=" " ind2=" ">
    <subfield code="a">LBBA</subfield>
  </datafield>
  <datafield tag="050" ind1="0" ind2="0">
    <subfield code="a">BS476</subfield>
    <subfield code="b">.M35 2009</subfield>
  </datafield>
  <datafield tag="082" ind1="0" ind2="0">
    <subfield code="a">220.601</subfield>
    <subfield code="2">22</subfield>
    <subfield code="b">MCQ</subfield>
  </datafield>
  <datafield tag="090" ind1=" " ind2=" ">
    <subfield code="a">BS476</subfield>
    <subfield code="b">.M35 2009</subfield>
  </datafield>
  <datafield tag="100" ind1="1" ind2=" ">
    <subfield code="a">McQuilkin, J. Robertson,</subfield>
    <subfield code="d">1927-</subfield>
    <subfield code="9">1625</subfield>
  </datafield>
  <datafield tag="245" ind1="1" ind2="0">
    <subfield code="a">Understanding and applying the Bible /</subfield>
    <subfield code="c">Robertson McQuilkin.</subfield>
  </datafield>
  <datafield tag="250" ind1=" " ind2=" ">
    <subfield code="a">Rev. and exp.</subfield>
  </datafield>
  <datafield tag="260" ind1=" " ind2=" ">
    <subfield code="a">Chicago :</subfield>
    <subfield code="b">Moody Publishers,</subfield>
    <subfield code="c">c2009.</subfield>
  </datafield>
  <datafield tag="300" ind1=" " ind2=" ">
    <subfield code="a">382 p. :</subfield>
    <subfield code="b">ill. ;</subfield>
    <subfield code="c">23 cm.</subfield>
  </datafield>
  <datafield tag="504" ind1=" " ind2=" ">
    <subfield code="a">Includes bibliographical references (p. [353]-356) and indexes.</subfield>
  </datafield>
  <datafield tag="505" ind1="0" ind2=" ">
    <subfield code="a">Presupposition of biblical interpretation -- Supernaturalistic approaches of premoderns -- The naturalistic approaches of moderns -- The naturalistic approaches of postmoderns -- Dogmatic approaches -- Basic principles for understanding the Bible -- Understanding human language -- Historical, physical, and cultural setting -- A method of word study -- Analyzing thought structure -- Examining the context -- Figurative language -- Parables -- Hebrew poetry -- Unity of Scripture -- Coherence of truth -- Approach to alleged discrepancies -- Biblical prophecy -- Identifying the audience God intended -- Identifying the response God desires.</subfield>
  </datafield>
  <datafield tag="630" ind1="0" ind2="0">
    <subfield code="a">Bible</subfield>
    <subfield code="x">Hermeneutics.</subfield>
    <subfield code="9">1790</subfield>
  </datafield>
  <datafield tag="630" ind1="0" ind2="0">
    <subfield code="a">Bible</subfield>
    <subfield code="x">Criticism, interpretation, etc.</subfield>
    <subfield code="9">144</subfield>
  </datafield>
  <datafield tag="630" ind1="0" ind2="7">
    <subfield code="a">Bible.</subfield>
    <subfield code="2">fast</subfield>
    <subfield code="0">(OCoLC)fst01356024</subfield>
    <subfield code="9">599</subfield>
  </datafield>
  <datafield tag="650" ind1=" " ind2="7">
    <subfield code="a">Hermeneutics.</subfield>
    <subfield code="2">fast</subfield>
    <subfield code="0">(OCoLC)fst00955492</subfield>
    <subfield code="9">1913</subfield>
  </datafield>
  <datafield tag="655" ind1=" " ind2="7">
    <subfield code="a">Criticism, interpretation, etc.</subfield>
    <subfield code="2">fast</subfield>
    <subfield code="0">(OCoLC)fst01411635</subfield>
    <subfield code="9">1372</subfield>
  </datafield>
  <datafield tag="856" ind1="4" ind2="2">
    <subfield code="3">Contributor biographical information</subfield>
    <subfield code="u">http://catdir.loc.gov/catdir/enhancements/fy1008/2009011892-b.html</subfield>
  </datafield>
  <datafield tag="856" ind1="4" ind2="2">
    <subfield code="3">Publisher description</subfield>
    <subfield code="u">http://catdir.loc.gov/catdir/enhancements/fy1008/2009011892-d.html</subfield>
  </datafield>
  <datafield tag="856" ind1="4" ind2="1">
    <subfield code="3">Table of contents only</subfield>
    <subfield code="u">http://catdir.loc.gov/catdir/enhancements/fy1116/2009011892-t.html</subfield>
  </datafield>
  <datafield tag="942" ind1=" " ind2=" ">
    <subfield code="2">ddc</subfield>
    <subfield code="c">BK</subfield>
    <subfield code="0">49</subfield>
  </datafield>
  <datafield tag="952" ind1=" " ind2=" ">
    <subfield code="0">0</subfield>
    <subfield code="1">0</subfield>
    <subfield code="2">ddc</subfield>
    <subfield code="4">0</subfield>
    <subfield code="7">0</subfield>
    <subfield code="a">GBC</subfield>
    <subfield code="b">GBC</subfield>
    <subfield code="c">BS</subfield>
    <subfield code="d">2018-02-08</subfield>
    <subfield code="l">21</subfield>
    <subfield code="m">1</subfield>
    <subfield code="o">220.601 MCQ</subfield>
    <subfield code="p">014603</subfield>
    <subfield code="r">2026-02-26 15:35:25</subfield>
    <subfield code="s">2026-02-19</subfield>
    <subfield code="t">c.4</subfield>
    <subfield code="w">2018-02-08</subfield>
    <subfield code="y">BK</subfield>
  </datafield>
  <datafield tag="952" ind1=" " ind2=" ">
    <subfield code="0">0</subfield>
    <subfield code="1">0</subfield>
    <subfield code="2">ddc</subfield>
    <subfield code="4">0</subfield>
    <subfield code="7">0</subfield>
    <subfield code="a">GBC</subfield>
    <subfield code="b">GBC</subfield>
    <subfield code="c">BS</subfield>
    <subfield code="d">2018-02-09</subfield>
    <subfield code="l">16</subfield>
    <subfield code="m">3</subfield>
    <subfield code="o">220.601 MCQ</subfield>
    <subfield code="p">005826</subfield>
    <subfield code="r">2026-03-02 14:18:22</subfield>
    <subfield code="s">2026-02-18</subfield>
    <subfield code="t">c.1</subfield>
    <subfield code="w">2018-02-09</subfield>
    <subfield code="y">BK</subfield>
  </datafield>
  <datafield tag="952" ind1=" " ind2=" ">
    <subfield code="0">0</subfield>
    <subfield code="1">0</subfield>
    <subfield code="2">ddc</subfield>
    <subfield code="4">0</subfield>
    <subfield code="7">0</subfield>
    <subfield code="a">GBC</subfield>
    <subfield code="b">GBC</subfield>
    <subfield code="c">BS</subfield>
    <subfield code="d">2018-02-09</subfield>
    <subfield code="l">13</subfield>
    <subfield code="m">3</subfield>
    <subfield code="o">220.601 MCQ</subfield>
    <subfield code="p">010949</subfield>
    <subfield code="r">2026-02-27 12:51:43</subfield>
    <subfield code="s">2026-02-25</subfield>
    <subfield code="t">c.2</subfield>
    <subfield code="w">2018-02-09</subfield>
    <subfield code="y">BK</subfield>
  </datafield>
  <datafield tag="952" ind1=" " ind2=" ">
    <subfield code="0">0</subfield>
    <subfield code="1">0</subfield>
    <subfield code="2">ddc</subfield>
    <subfield code="4">0</subfield>
    <subfield code="7">0</subfield>
    <subfield code="a">GBC</subfield>
    <subfield code="b">GBC</subfield>
    <subfield code="c">BS</subfield>
    <subfield code="d">2018-02-09</subfield>
    <subfield code="l">6</subfield>
    <subfield code="m">2</subfield>
    <subfield code="o">220.601 MCQ</subfield>
    <subfield code="p">010950</subfield>
    <subfield code="r">2026-02-16 11:25:00</subfield>
    <subfield code="s">2026-02-13</subfield>
    <subfield code="t">c.3</subfield>
    <subfield code="w">2018-02-09</subfield>
    <subfield code="y">BK</subfield>
  </datafield>
</record>
